Music Quiz

Random Music or Album Quiz

Tracks on the studio albums by Big Time Rush Quiz Stats

 Plays Quiz not verified by Sporcle

Challenge
Share
Tweet
Embed
Score 0/33 Timer 15:00
0 Plays Today
Album Track % Correct
BTR '10Big Time Rush
85.9%
BTR '10Boyfriend
79.4%
Elevate '11Elevate
78.8%
24/Seven '1324
78.8%
BTR '10Worldwide
77.1%
BTR '10City Is Ours
75.9%
BTR '10Til I Forget About You
72.9%
BTR '10Halfway There
70.6%
Elevate '11Music Sounds Better with U
70%
BTR '10Big Night
68.8%
Elevate '11Love Me, Love Me
68.8%
BTR '10Nothing Even Matters
65.9%
BTR '10Oh Yeah
65.9%
BTR '10Count on You
65.3%
Elevate '11Cover Girl
63.5%
24/Seven '13We Are
63.5%
Elevate '11If I Ruled the World
62.9%
Album Track % Correct
Elevate '11All Over Again
61.8%
24/Seven '13Confetti Falling
61.8%
BTR '10I Know You Know
61.2%
Elevate '11Superstar
60%
Elevate '11No Idea
59.4%
Elevate '11Time of Our Life
59.4%
24/Seven '13Like Nobody's Around
59.4%
Elevate '11Show Me
57.1%
Elevate '11Invisible
57.1%
24/Seven '13Crazy for U
56.5%
24/Seven '13Get Up
55.3%
24/Seven '13Song for You
55.3%
24/Seven '13Amazing
52.9%
24/Seven '13Run Wild
51.8%
24/Seven '13Picture This
50.6%
Elevate '11You're Not Alone
48.8%

You're not logged in!

Compare scores with friends on all Sporcle quizzes.
Join for Free
OR
Log In

You Might Also Like...

Show Comments

Extras

Top Quizzes Today


Score Distribution

Your Account Isn't Verified!

In order to create a playlist on Sporcle, you need to verify the email address you used during registration. Go to your Sporcle Settings to finish the process.

Report this User

Report this user for behavior that violates our Community Guidelines.

Details: